Normal view
MARC view
- Hingorani, Narain G
Entry Personal Name
001 - CONTROL NUMBER
- control field: 115367
003 - CONTROL NUMBER IDENTIFIER
- control field: NUST
005 - DATE AND TIME OF LATEST TRANSACTION
- control field: 20230912165316.0
008 - FIXED-LENGTH DATA ELEMENTS
- fixed length control field: 230912|| aca||aabn | a|a d
040 ## - CATALOGING SOURCE
- Original cataloging agency: NUST
- Transcribing agency: NUST
100 ## - HEADING--PERSONAL NAME
- Personal name: Hingorani, Narain G
670 ## - SOURCE DATA FOUND
- Source citation: Work cat.: (NUST): Hingorani, Narain G, Understanding FACTS : concepts and technology of flexible AC transmission systems, 2017
